| 000 | 00988nam a22002897a 4500 | ||
|---|---|---|---|
| 001 | 000691 | ||
| 003 | DO-SdBNP | ||
| 005 | 20160920100953.0 | ||
| 007 | 000691 | ||
| 008 | 151217b 1999 sp c 00| 0 spa d | ||
| 020 | _a8482981706 (obra completa) | ||
| 020 | _a8482981803 (v. 9) | ||
| 020 | _a8482981897 (O.C.) | ||
| 040 |
_aBPMSU _bspa _cBPMSU |
||
| 092 |
_axxxxx _bxxxxx |
||
| 240 | 1 | _aVie sauvage / | |
| 245 | 0 | 3 |
_aEl maravilloso mundo de los animales / _ctraducción Olga Delgado, Jacqueline Gerday |
| 260 |
_aMadrid : _bNational geographic, _bRBA publicaciones, _c1999. |
||
| 300 |
_av. : _bretrato _c30 cm. |
||
| 500 | _aLa biblioteca solamente posee el volumen 9. | ||
| 505 | 2 |
_av. 9 -- _gMamíferos en su hábitat -- _tSuricata -- _tTejón -- _tTigue -- _tVisón -- _tZorro -- _tBallena -- _tDelfín -- _tOrca -- _tManatí -- |
|
| 700 | 1 | 2 |
_aDelgado, Olga _etrad. |
| 700 | 1 | 2 |
_aGerday, Jacqueline _etrad. |
| 910 | _a00260 | ||
| 942 |
_2ddc _cBK |
||
| 956 |
_aYngrid Lockward _b10 |
||
| 999 |
_c11462 _d11462 |
||